<?xml version="1.0" encoding="UTF-8"?>
<collection xmlns="http://www.loc.gov/MARC21/slim">
<record>
  <controlfield tag="001">120615</controlfield>
  <controlfield tag="005">20221220103620.0</controlfield>
  <datafield tag="037" ind1=" " ind2=" ">
    <subfield code="a">TAZ-TFG-2022-2498</subfield>
  </datafield>
  <datafield tag="041" ind1=" " ind2=" ">
    <subfield code="a">spa</subfield>
  </datafield>
  <datafield tag="100" ind1="1" ind2=" ">
    <subfield code="a">Mesa Baigorri, Leyre</subfield>
  </datafield>
  <datafield tag="242" ind1="0" ind2="0">
    <subfield code="a">Dental bleaching techniques. A report of two cases.</subfield>
  </datafield>
  <datafield tag="245" ind1="0" ind2="0">
    <subfield code="a">Técnicas de blanqueamiento dental. A propósito de dos casos.</subfield>
  </datafield>
  <datafield tag="260" ind1=" " ind2=" ">
    <subfield code="a">Zaragoza</subfield>
    <subfield code="b">Universidad de Zaragoza</subfield>
    <subfield code="c">2022</subfield>
  </datafield>
  <datafield tag="500" ind1=" " ind2=" ">
    <subfield code="a">Currently, there is a greater concern for oral health and aesthetics in society. Accordingly,  tooth whitening has become a common and routine practice in the dental office. This  treatment is especially relevant when it comes to improving the self-esteem and mental  health of the patient. Based on clinical experience and scientific evidence, this end-of-degree project exposes the  diagnosis, prognosis and treatment plan of two patients treated at the Dental Practices of the  Faculty of Health Science and Sports of Huesca, from the University of Zaragoza. The  purpose of this work is to carry out a review of the literature on the different dental whitening  techniques that are available today. In addition, its efficacy, adverse effects and authorized products will be determinated.</subfield>
  </datafield>
  <datafield tag="506" ind1=" " ind2=" ">
    <subfield code="a">by-nc-sa</subfield>
    <subfield code="b">Creative Commons</subfield>
    <subfield code="c">3.0</subfield>
    <subfield code="u">http://creativecommons.org/licenses/by-nc-sa/3.0/</subfield>
  </datafield>
  <datafield tag="520" ind1=" " ind2=" ">
    <subfield code="a">Actualmente, existe mayor preocupación por la salud y estética bucodental en la sociedad. &lt;br />Es por ello que el blanqueamiento dental se ha convertido en una práctica habitual y &lt;br />rutinaria en la consulta dental. Este tratamiento cobra especial relevancia a la hora de &lt;br />mejorar la autoestima y salud psíquica del paciente.&lt;br />En el presente trabajo de fin de grado se expone, apoyándose en la evidencia científica y la &lt;br />experiencia clínica, el diagnóstico, pronóstico y plan de tratamiento de dos pacientes &lt;br />atendidos en el Servicio de Prácticas Odontológicas de la Facultad de Ciencias de la Salud y &lt;br />el Deporte de Huesca, de la Universidad de Zaragoza. El propósito de este trabajo es&lt;br />realizar una revisión minuciosa de la literatura sobre las distintas técnicas de &lt;br />blanqueamiento dental que se encuentran disponibles hoy en día, además de determinar su &lt;br />eficacia, efectos adversos y productos autorizados para ello.&lt;br />&lt;br /></subfield>
  </datafield>
  <datafield tag="521" ind1=" " ind2=" ">
    <subfield code="a">Graduado en Odontología</subfield>
  </datafield>
  <datafield tag="540" ind1=" " ind2=" ">
    <subfield code="a">Derechos regulados por licencia Creative Commons</subfield>
  </datafield>
  <datafield tag="700" ind1=" " ind2=" ">
    <subfield code="a">Abizanda Guillén, Sara</subfield>
    <subfield code="e">dir.</subfield>
  </datafield>
  <datafield tag="700" ind1=" " ind2=" ">
    <subfield code="a">Pérez Cano, Andrea</subfield>
    <subfield code="e">dir.</subfield>
  </datafield>
  <datafield tag="710" ind1="2" ind2=" ">
    <subfield code="a">Universidad de Zaragoza</subfield>
    <subfield code="b">Cirugía, Ginecología y Obstetricia</subfield>
    <subfield code="c">Estomatología</subfield>
  </datafield>
  <datafield tag="856" ind1="0" ind2=" ">
    <subfield code="f">763605@unizar.es</subfield>
  </datafield>
  <datafield tag="856" ind1="4" ind2=" ">
    <subfield code="s">1388344</subfield>
    <subfield code="u">http://zaguan.unizar.es/record/120615/files/TAZ-TFG-2022-2498.pdf</subfield>
    <subfield code="y">Memoria (spa)</subfield>
  </datafield>
  <datafield tag="909" ind1="C" ind2="O">
    <subfield code="o">oai:zaguan.unizar.es:120615</subfield>
    <subfield code="p">driver</subfield>
    <subfield code="p">trabajos-fin-grado</subfield>
  </datafield>
  <datafield tag="950" ind1=" " ind2=" ">
    <subfield code="a"></subfield>
  </datafield>
  <datafield tag="980" ind1=" " ind2=" ">
    <subfield code="a">TAZ</subfield>
    <subfield code="b">TFG</subfield>
    <subfield code="c">FCSHUES</subfield>
  </datafield>
  <datafield tag="999" ind1=" " ind2=" ">
    <subfield code="a">20220623110529.CREATION_DATE</subfield>
  </datafield>
  <datafield tag="951" ind1=" " ind2=" ">
    <subfield code="a">deposita:2022-12-20</subfield>
  </datafield>
</record>
</collection>